Football : 11 d'île de France - Statistiques

Statistiques générales
  • Ce quiz a été pris 144 fois
  • Le résultat moyen est 10 sur 11
Statistiques - réponses
Poste Club Joueur % Correct
Ailier/buteur Real Madrid Kylian Mbappé
98%
Défenseur central Arsenal William Saliba
98%
Latéral gauche Real Madrid Ferland Mendy
97%
Latéral droit Barcelone Jules Kounde
97%
Gardien West Ham Alphonse Areola
95%
Défenseur central Liverpool Ibrahima Konaté
95%
Milieu défensif Al-Itthiad Ngolo Kanté
94%
Milieu Ac Milan Adrien Rabiot
81%
Milieu As Roma Manu Koné
77%
Ailier Al-Nassr Kingsley Coman
74%
Milieu offensif/Ailier Ac Milan Christopher Nkunku
55%
Aucun quiz correspondant
Distribution des résultats
% des personnes avec chaque résultat
Percentile par nombre de réponses
Votre historique - résultats
Vous n’avez pas pris ce quiz